| 000 | 01265nam0a22003251 4500 | ||
|---|---|---|---|
| 001 | rc\164634 | ||
| 005 | 20250620214258.0 | ||
| 010 |
_a5-86381-065-3 _95000 |
||
| 035 | _a(NLR Aleph) 005429095 | ||
| 090 |
_a7558094 _c7558094 |
||
| 100 | _a20030307d1994 |||y0rusy50 ca | ||
| 101 | 0 | _arus | |
| 102 | _aRU | ||
| 105 | _aa ||||||||| | ||
| 200 | 1 |
_aЖуравлик золотой _eРассказы, пьесы _fНиколай Космин |
|
| 210 |
_aМ. _cПерфоманс _d1994 |
||
| 215 |
_a237, [2] с. _cил. _d17 |
||
| 327 | 1 | _aСодерж.: Рассказы: Бандит; Травма; Федя Дуст; Пьесы: Журавлик золотой; Кольцо Мебиуса; Иисус | |
| 464 | 0 |
_12001#$aБандит _tБандит |
|
| 464 | 0 |
_12001#$aТравма _tТравма |
|
| 464 | 0 |
_12001#$aФедя Дуст _tФедя Дуст |
|
| 464 | 0 |
_12001#$aЖуравлик золотой _tЖуравлик золотой |
|
| 464 | 0 |
_12001#$aКольцо Мебиуса _tКольцо Мебиуса |
|
| 464 | 0 |
_12001#$aИисус _tИисус |
|
| 700 | 1 |
_aКосмин _bН.Н. _gНиколай Николаевич |
|
| 801 | 0 |
_aRU _bNLR _gpsbo |
|
| 801 | 1 |
_aRU _bELAR _2rusmarc |
|
| 852 |
_aNLR _j94-2/578 |
||
| 942 | _cBOOK | ||
| 980 | _aNB | ||